• AIU
  • Tony Wilmot Memorial Library
Normal view MARC view

Entry Topical Term

Number of records used in: 1

001 - CONTROL NUMBER

  • control field: 23039

003 - CONTROL NUMBER IDENTIFIER

  • control field: OSt

005 - DATE AND TIME OF LATEST TRANSACTION

  • control field: 20131014124849.0

008 - FIXED-LENGTH DATA ELEMENTS

  • fixed length control field: 131014|| aca||aabn | a|a d

040 ## - CATALOGING SOURCE

  • Original cataloging agency: OSt
  • Transcribing agency: OSt

600 ## -

  • : Language and languages
  • : Ability testing
  • : Congresses

670 ## - SOURCE DATA FOUND

  • Source citation: Work cat.: (OSt): International language assessment conference, c1991